000 00858nam a2200241 a 4500
003 BD-DhJNU
005 20260511071833.0
008 260508s2023 bg |||g |||| 000 1|ben|d
020 _a984458440X
040 _aBD-DhJNU
_bben
_cBD-DhJNU
_dBD-DhJNU
041 _aben
082 _a891.443 OSK
_223
100 _aওসমান, শওকত
245 1 0 _aক্রীতদাসের হাসি /
_cশওকত ওসমান
246 _aKreetadaser hasi
250 _a1st ed.
260 _aঢাকা :
_bসময় প্রকাশন,
_c2023.
300 _a৮০ পৃ. :
_bচিত্র ;
_c২২ সেমি.।
504 _aগ্রন্থপঞ্জিগত নির্দেশিকা ও নিঘন্ট অন্তভূক্ত
650 _aসমাজকর্ম
650 _a
942 _cBK
999 _c2781
_d2781